005850000a2200133000450024502160000030000090021665000210022565000280024665000280027465100410030204100140034311000440035726000500040110aResolución número 1426 del 20 de diciembre de 1996spor la cual se reserva, alindera y declara el área de manejo especial los Corales del Archipiélago de San Andrés, providencia, Santa Catalina y Cayos a5 p.14aAreas protegidas14aLegislación ambiental14aPolíticas ambientales 4dSan Andrés y ProvidenciapColombia0 aEspañol1 lColombiaaMinisterio del Medio Ambiente aBogotábMinisterio del Medio Ambientec1996